Copa do Mundo da FIFA de 1930 - Statistics

Estatísticas Gerais
  • Esse quiz foi jogado 141 vezes
  • A pontuação média é 12 de 16
Estatísticas das Respostas
Grupo Time % Correto
Grupo 3 Uruguai
100%
Grupo 1 Argentina
99%
Grupo 2 Brasil
99%
Grupo 4 Estados Unidos
94%
Grupo 1 França
90%
Grupo 1 México
90%
Grupo 1 Chile
85%
Grupo 2 Bolívia
81%
Grupo 2 Iugoslávia
76%
Grupo 4 Paraguai
73%
Grupo 3 Peru
72%
Grupo 4 Bélgica
61%
Desistente (Convidado) Japão
51%
Grupo 3 Romênia
50%
Desistente (Convidado) Egito
31%
Desistente (Convidado) Sião / Tailândia
6%
Nenhum quiz correspondente encontrado
Distribuição das Pontuações
Porcentagem de Pessoas com Cada Pontuação
Percentil de Números Respondidos
Sua Pontuação Histórica
Você não jogou esse quiz